[Event "Haiwan Cup New Star 2019"]
[Site "Shanghai"]
[Date "2019.09.05"]
[Round "2.4"]
[White "Khanin, Semen"]
[Black "Dai, Changren"]
[Result "1/2-1/2"]
[WhiteElo "2503"]
[BlackElo "2512"]
[Annotator "TA"]
[PlyCount "238"]
[EventDate "2019.09.04"]
[EventType "tourn"]
[EventCountry "CHN"]
[SourceTitle "playchess.com"]
[Source "ChessBase"]
[SourceQuality "1"]

{[%evp 21,238,14,18,8,0,0,24,24,18,15,16,14,49,68,58,51,87,13,15,8,8,5,14,0,0,0,0,0,19,19,41,23,47,47,52,43,27,38,66,61,61,54,67,65,75,75,82,82,87,32,29,24,18,12,17,15,26,0,86,10,86,83,83,102,179,27,179,179,171,8,8,0,533,533,535,533,1079,1046,941,795,1342,1269,1287,1272,1207,1096,5497,7012,29944,29940,29952,29953,29953,29937,12805,29948,29940,5501,29949,29952,29944,29945,29948,6382,29949,29952,29952,29953,29952,29955,29954,29952,29956,29955,29957,29958,29958,29959,29959,29952,29961,29962,29963,29963,29962,29963,29966,29967,29966,29967,29967,29968,29977,29976,29976,29977,29977,29976,29976,174,174,174,174,174,174,174,174,174,174,73,73,73,73,73,73,73,73,73,73,73,73,73,73,73,73,73,73,8,29983,29984,29986,29977,29977,8,8,0,29980,29978,29978,29979,29979,29980,29980,8,8,8,8,8,8,8,8,0,8,0,8,8,8,8,8,8,8,8,8,8,8,8,8,8,8,8,8,8,8,0,8,0,0,0,0]} 1. e4 e5 2. Nf3 Nc6 3. Bc4 Bc5 4. O-O Nf6 5. d3 d6 6. c3 a6 7. Bb3 O-O 8. h3 Ba7 9. Re1 h6 10. Nbd2 {[%cal Bb1d2,Bd2f1,Bf1g3,Bg3e4][%mdl 32]} Re8 11. Nf1 Be6 12. Bc2 {C54: Giuoco Piano: 4 c3 Nf6, main lines with 5 d4 and 5 d3} (12. Be3 Bxe3 13. Nxe3 Bxb3 14. Qxb3 Qd7 15. Nd5 Nxd5 16. Qxd5 Qe6 17. Qxe6 fxe6 18. b4 Kf7 19. a4 Ke7 20. Nd2 Kd7 21. f3 Rf8 {½-½ (21) Vocaturo,D (2630)-Laznicka,V (2668) Germany 2019}) 12... d5 13. exd5 Nxd5 14. Ng3 {White has an edge.} Qd6 15. Nh4 Qd8 16. Qh5 Nf4 $146 ({Predecessor:} 16... a5 17. Bd2 Nf6 18. Qf3 Kh8 19. Ngf5 Nh7 20. Re4 {½-½ (20) Lukas,N (2310)-Gomez Galan Arense,J (2311) ICCF email 2017}) 17. Bxf4 $1 exf4 18. Ne4 Qd5 19. Qxd5 ({White should play} 19. Qf3 $16) 19... Bxd5 $11 20. Nd2 Ne7 21. d4 Rad8 22. Ne4 f6 23. Nf3 Kf7 24. Bb3 g5 25. c4 Be6 26. d5 $1 {[%cal Rd5e6]} Bf5 {[#]} 27. d6 $1 $36 {[%mdl 2560] Black is under pressure.} Bxe4 $1 (27... cxd6 28. c5+) 28. dxc7 ({Don't play} 28. Rxe4 cxd6 29. Rd1 Bc5 $15) 28... Rc8 29. Rxe4 {Strongly threatening c5+.} Bc5 30. Ba4 Nc6 31. Rxe8 Kxe8 32. b4 Bxb4 33. Rb1 Bc5 34. Rxb7 Kd7 35. Nd2 ({Better is} 35. Rb8 $1 $16 Rxc7 36. Rh8) 35... Rxc7 $14 36. Bxc6+ Kxc6 37. Rxc7+ Kxc7 {[%mdl 4096] Endgame KB-KN} 38. Kf1 Kc6 39. Ke2 a5 (39... Bb4 $11) 40. a4 (40. Nb3 $16) 40... Bb6 (40... Bb4 $11 {remains equal.}) 41. Nb3 $16 f5 42. f3 $1 Kd6 (42... Bd8 $16) 43. Kd3 $2 ({White must play} 43. c5+ $1 $18 Bxc5 44. Nxa5) 43... h5 $2 {[#]} (43... Bd8 $1 $11) 44. c5+ $1 $18 {[%mdl 512]} Bxc5 45. Kc4 $2 (45. Nxa5 $18 {Black must now prevent Nb7+.} Kd5 46. Kc3) 45... Bb4 $11 46. Kb5 Kd5 $2 {[%mdl 8192]} (46... h4 $11 {and Black is okay.}) 47. Nxa5 $18 Be1 48. Nc6 $1 {[%cal Rc6b4]} g4 49. Nb4+ Kd6 50. a5 {[%cal Ba4a5,Ba5a6][%mdl 32]} Bf2 51. a6 Be3 52. Nc6 Kc7 53. Ne7 gxf3 54. gxf3 Kb8 55. Nxf5 Ka7 56. Ng7 h4 57. Nf5 Bf2 58. Ne7 (58. Nd6 $18 Be1 59. Nf7) 58... Kb8 59. Ng6 (59. Nc6+ $142 Kc7 60. a7 Kb7 61. Kc4 Ka8 62. Kd3 Bg3 63. Kd4 Kb7 64. Ke5) 59... Bg3 60. Ne5 Bf2 61. Nc6+ Kc7 62. Nb4 (62. a7 $142 Kb7 63. Kc4 Ka8 64. Kd5 Bg3 65. Ke4 Bh2 66. Kf5 Kb7 67. Ne7) 62... Kb8 63. Nd5 Bg3 64. Kb6 Bf2+ 65. Kc6 Bg3 66. Kd6 Ka7 67. Ke5 Kxa6 68. Nxf4 Kb5 69. Kf5 Kc6 70. Ng6 Kd6 71. Kg5 Ke6 72. Nxh4 Kf7 73. Ng6 Be1 74. h4 Kg7 75. h5 $1 {[%cal Rh5h6]} Bd2+ 76. f4 Bc1 77. Ne5 Bd2 78. Ng4 Bc1 79. Kf5 Bd2 80. Ke5 $2 (80. h6+ $1 Kh7 81. Kg5 Kg8 82. Nf2 Kf7 83. Nh3 Ba5 84. Kf5 Ke7 85. Ng5) 80... Kf7 81. f5 Bc3+ 82. Kf4 $1 Bd2+ 83. Kg3 Kg7 84. Kf3 Bc1 85. Nf2 (85. Ke2 $18 {is more deadly.}) 85... Kf6 86. Kg4 Bh6 87. Nd3 {Nc5 is the strong threat.} Bg5 88. Nf4 {Intending Nd5+ and mate.} Bh6 89. Nd5+ Kf7 90. Kf3 {And now Ke4 would win.} Bc1 91. Nf4 {aiming for Nd3.} Kg7 92. Kg4 Bb2 93. Nd5 Bc1 94. f6+ (94. Nc3 $16) 94... Kh6 $2 {[%mdl 8192]} (94... Kf7 $11) 95. Ne7 Kh7 96. Ng6 Ba3 97. Kf5 $2 (97. Kg5 Bb4 98. Nf4 Bd2 99. Kg4 Bc3 100. Kg5 Bd2 101. Kf5 Kh6 102. Nd3) 97... Kh6 $11 98. Kg4 Bb4 $2 {[%mdl 8192]} (98... Kh7 $11 99. Nf4 Bb2) 99. Nf4 Bc3 {[#]} 100. Kf5 $1 Bb4 101. Ke6 Kg5 {[#]} 102. Nd5 $2 (102. f7 $1 {mates} Bf8 103. Ng6 Bg7 104. Ne7 Bh6 105. Nf5 Bf8 106. Ng3 Kg4 107. Kd7) 102... Bf8 $1 {The position is equal.} 103. Kf7 Bh6 $1 104. Kg8 Kxh5 105. Kh7 Bf8 106. Kg8 Ba3 107. Kh7 Kg5 108. f7 Kf5 109. Kg7 Bb2+ 110. Kf8 {White wants to mate with Ne7+.} Ba3+ 111. Ke8 {White threatens Ne7+ and mate.} Ke6 112. Nc7+ Kf6 113. Nb5 Bb4 114. Nd4 Ba3 115. Nc2 Bc5 116. Ne3 Ba3 117. Nd5+ Ke6 $1 118. Ne7 Bxe7 119. f8=Q Bxf8 {Accuracy: White = 52%, Black = 52%.} 1/2-1/2

[Event "Haiwan Cup New Star 2019"]
[Site "Shanghai"]
[Date "2019.09.06"]
[Round "3.1"]
[White "Dai, Changren"]
[Black "Gukesh D"]
[Result "1-0"]
[WhiteElo "2512"]
[BlackElo "2535"]
[Annotator "TA"]
[PlyCount "67"]
[EventDate "2019.09.04"]
[EventType "tourn"]
[EventCountry "CHN"]
[SourceTitle "playchess.com"]
[Source "ChessBase"]
[SourceQuality "1"]

{[%evp 14,67,28,23,43,36,50,47,56,38,92,69,65,58,92,100,53,78,118,121,131,127,126,130,132,133,120,124,179,182,199,185,297,217,220,192,231,228,265,229,241,236,393,388,376,337,441,434,435,437,454,377,444,437,439,414]} 1. e4 c5 2. Nf3 d6 3. d4 cxd4 4. Nxd4 Nf6 5. Nc3 a6 6. h3 g6 7. g4 Bg7 8. Bg2 O-O {B90: Sicilian Najdorf: Unusual White 6th moves, 6 Be3 Ng4 and 6 Be3 e5} 9. Be3 Bd7 10. Qd2 Nc6 {White is slightly better.} 11. O-O-O Ne8 $146 ({Better is} 11... Rc8 $14) ({Predecessor:} 11... Rc8 12. Nde2 b5 13. Nd5 a5 14. Bb6 Qe8 15. Kb1 Rb8 16. Be3 {½-½ (33) Radjabov,T (2738)-Smirin,I (2655) Baku 2015}) 12. Kb1 Nc7 13. f4 Nb5 14. Ndxb5 axb5 15. Nxb5 Na5 {And now ...Nc4 would win.} 16. Bf1 Be6 {[#] aiming for ...Bxa2+!} 17. a3 $1 Nc4 18. Bxc4 $1 Bxc4 19. Qb4 Qc8 20. Bd4 f6 (20... Bxb5 $16 {was worth a try.} 21. Bxg7 (21. Qxb5 Qc6 $16) 21... Kxg7) 21. f5 Bf7 22. b3 d5 (22... Qc6 $142 23. Rhe1 Bh6) 23. Bb2 ({Much less strong is} 23. Qxe7 Qc6 $18) 23... dxe4 24. Qxe4 Re8 25. a4 Ra6 26. Rhe1 Bf8 27. Re3 {Hoping for Rc3.} e6 $2 (27... Qc6 {was necessary.} 28. Qxc6 Rxc6) 28. Rc3 $18 exf5 29. Rxc8 Rxe4 30. Rdd8 {[#] Black must now prevent Ba3.} Re1+ 31. Bc1 f4 32. Rxf8+ Kg7 {With the idea ...f3.} 33. Nd4 Rd6 34. Rfd8 {Accuracy: White = 86%, Black = 34%.} 1-0

[Event "Haiwan Cup New Star 2019"]
[Site "Shanghai"]
[Date "2019.09.06"]
[Round "3.2"]
[White "Liu, Yan"]
[Black "Khanin, Semen"]
[Result "1/2-1/2"]
[WhiteElo "2524"]
[BlackElo "2503"]
[Annotator "TA"]
[PlyCount "70"]
[EventDate "2019.09.04"]
[EventType "tourn"]
[EventCountry "CHN"]
[SourceTitle "playchess.com"]
[Source "ChessBase"]
[SourceQuality "1"]

{[%evp 13,70,13,17,8,20,15,21,20,17,13,21,16,27,0,0,0,0,-48,-20,-45,-39,-46,-46,-32,-18,-17,-16,-19,-22,-23,0,-14,-9,-19,0,0,5,0,0,0,0,-14,-13,-10,0,0,0,-17,-17,-22,0,0,0,0,0,0,0,0,0]} 1. d4 Nf6 2. c4 e6 3. Nf3 Bb4+ 4. Bd2 Bxd2+ 5. Qxd2 O-O 6. Nc3 d5 7. e3 Qe7 8. Qc2 {E11: Bogo-Indian} Rd8 9. Rd1 b6 10. cxd5 exd5 11. Be2 c5 12. O-O $146 ({Predecessor:} 12. dxc5 bxc5 13. Na4 Nbd7 14. Rc1 c4 15. Nd4 Ne5 {½-½ (60) Delorme,A (2518)-Short,N (2688) Helsingor 2017}) 12... Nc6 13. h3 Nb4 14. Qc1 Bf5 15. Ne5 Rac8 $1 16. Qd2 Ne4 17. Nxe4 dxe4 18. a3 cxd4 {[#] Threatens to win with ...d3.} 19. Qxb4 Qxe5 20. Rxd4 Rxd4 21. exd4 Qf4 22. Qb3 {The position is equal.} h6 23. Rd1 Rc6 24. d5 Rf6 (24... Rg6 {with more complications.} 25. Bb5 Qg5 26. Bf1 Rd6 27. Qg3 Qxg3 28. fxg3 Bd7) 25. Qe3 Qxe3 26. fxe3 $11 {[%mdl 4096] [#] Endgame aiming for d6. KRB-KRB} Rd6 27. g4 Bd7 28. Rd4 g6 29. Kf2 Kg7 30. Rxe4 Rxd5 31. Bc4 Rc5 32. b4 Rc7 33. Re7 Rxc4 34. Rxd7 a5 35. b5 Rc3 {Accuracy: White = 49%, Black = 61%.} 1/2-1/2

[Event "Haiwan Cup New Star 2019"]
[Site "Shanghai"]
[Date "2019.09.06"]
[Round "3.3"]
[White "Martirosyan, Haik M."]
[Black "Li, Di"]
[Result "1-0"]
[WhiteElo "2608"]
[BlackElo "2538"]
[Annotator "TA"]
[PlyCount "45"]
[EventDate "2019.09.04"]
[EventType "tourn"]
[EventCountry "CHN"]
[SourceTitle "playchess.com"]
[Source "ChessBase"]
[SourceQuality "1"]

{[%evp 12,45,16,17,25,10,33,16,16,23,21,16,27,25,37,35,31,30,35,-10,22,20,25,11,139,98,280,285,306,314,480,477,606,611,675,653]} 1. d4 d5 2. c4 e6 3. Nf3 Nf6 4. Nc3 Nbd7 5. cxd5 exd5 6. Bg5 c6 7. e3 h6 {D35: Queen's Gambit Declined: Exchange Variation} 8. Bh4 Bd6 9. Bd3 O-O {The position is equal.} 10. O-O Re8 11. Re1 Be7 12. Qc2 Ne4 13. Bxe4 Bxh4 14. Bh7+ Kh8 15. e4 $146 ({Predecessor:} 15. Nxh4 Qxh4 16. Bf5 Nf6 17. Bxc8 Raxc8 18. Qf5 g6 19. Qf3 Kg7 {½-½ (99) Thorfinnsson,B (2400)-Lenic,L (2662) chess.com INT 2018}) 15... dxe4 16. Bxe4 Bf6 17. d5 $36 {[%mdl 2048] Black is under pressure.} Nb8 (17... Ne5 $11 {remains equal.}) 18. dxc6 bxc6 $2 {[#]} (18... Nxc6 $16 19. Rad1 Qb6) 19. Rad1 $18 Bd7 20. Qb3 Rf8 (20... Bxc3 $142 21. bxc3 f5) 21. Qb7 {White is clearly winning.} Qb6 22. Qxa8 Rd8 23. Na4 {Accuracy: White = 88%, Black = 30%.} 1-0

[Event "Haiwan Cup New Star 2019"]
[Site "Shanghai"]
[Date "2019.09.06"]
[Round "3.4"]
[White "Bai, Jinshi"]
[Black "Tahbaz, Arash"]
[Result "1/2-1/2"]
[WhiteElo "2591"]
[BlackElo "2471"]
[Annotator "TA"]
[PlyCount "82"]
[EventDate "2019.09.04"]
[EventType "tourn"]
[EventCountry "CHN"]
[SourceTitle "playchess.com"]
[Source "ChessBase"]
[SourceQuality "1"]

{[%evp 20,82,29,31,27,24,18,6,6,1,9,8,7,7,12,0,0,0,0,0,0,0,0,0,0,0,0,0,0,0,0,0,0,0,0,0,0,0,0,0,0,0,0,0,8,0,0,0,0,0,0,0,0,0,0,0,0,0,0,0,0,0,0,0,0]} 1. Nf3 Nf6 2. g3 d5 3. Bg2 e6 4. O-O Be7 5. c4 O-O 6. d4 c6 7. b3 Nbd7 8. Nc3 b6 9. Bb2 Bb7 10. Qc2 Rc8 11. e4 dxe4 {E08: Closed Catalan: Main Line: 7 Qc2} (11... Nxe4 12. Nxe4 dxe4 13. Qxe4 Qc7 14. Rad1 Rfd8 15. Qe2 a5 16. Rd2 a4 17. Rfd1 axb3 18. axb3 Re8 19. Rd3 h6 20. Re3 Red8 21. h4 Bf6 22. Nd2 {½-½ (61) Bogner,S (2584)-Cori,J (2686) Biel 2019}) 12. Ng5 c5 13. dxc5 {The position is equal.} Nxc5 14. Rad1 $146 ({Predecessor:} 14. Rfd1 Qc7 15. Ncxe4 Nfxe4 16. Nxe4 Nxe4 17. Bxe4 Bxe4 18. Qxe4 Rfd8 19. Qg4 Bf8 20. Bf6 Rxd1+ 21. Rxd1 Qb7 22. Bb2 b5 23. cxb5 Qxb5 {½-½ (23) Lazic,M (2485)-Perunovic,M (2374) Vrnjacka Banja 2005}) 14... Qc7 15. Ncxe4 Nfxe4 16. Nxe4 Rfd8 17. Qc3 {[%csl Gb2][%cal Rc3g7] [#]} f6 18. Qe3 Nxe4 19. Bxe4 Bc5 20. Qf3 Bxe4 21. Qxe4 e5 22. Rd5 Rd6 23. Rfd1 {Rxd6 is the strong threat.} Rcd8 24. Kg2 Qc6 25. f3 Rxd5 26. Rxd5 Rxd5 27. cxd5 Qb5 28. Bc3 h5 29. f4 exf4 30. gxf4 Kf8 31. f5 Kg8 32. Be1 Kh7 33. Bg3 Qa5 34. Qe2 h4 35. Be1 Bb4 36. Bxb4 Qxb4 $11 {KQ-KQ} 37. Kh3 Qc3+ 38. Kxh4 Qd4+ {[%mdl 64] [#] Double Attack} 39. Qg4 Qxd5 40. Qh5+ Kg8 41. Qe8+ Kh7 {Accuracy: White = 61%, Black = 90%.} 1/2-1/2

[Event "Haiwan Cup New Star 2019"]
[Site "Shanghai"]
[Date "2019.09.07"]
[Round "4.1"]
[White "Gukesh D"]
[Black "Tahbaz, Arash"]
[Result "0-1"]
[WhiteElo "2535"]
[BlackElo "2471"]
[Annotator "TA"]
[PlyCount "68"]
[EventDate "2019.09.04"]
[EventType "tourn"]
[EventCountry "CHN"]
[SourceTitle "playchess.com"]
[Source "ChessBase"]
[SourceQuality "1"]

{[%evp 23,68,25,70,47,40,38,56,63,56,65,87,72,75,25,100,106,81,31,98,102,113,116,135,-71,-72,-68,-69,-67,-64,-77,-77,-77,-77,-188,-202,-217,-138,-241,-230,-337,-287,-372,-334,-316,-297,-427,-419]} 1. Nf3 c5 2. c4 g6 3. d4 cxd4 4. Nxd4 Nc6 5. e4 Nf6 6. Nc3 Nxd4 7. Qxd4 d6 8. Be3 Bg7 9. Be2 O-O 10. Qd2 a5 11. O-O a4 12. Bd4 Be6 13. b3 $146 {B36: Sicilian: Maroczy Bind: Gurgenidze System} ({Predecessor:} 13. f4 Qa5 14. Rad1 Rac8 15. b3 axb3 16. axb3 b5 17. Bxf6 Bxf6 18. Nxb5 Qxd2 19. Rxd2 Ra8 20. Nc7 Ra3 21. Nxe6 fxe6 {1-0 (58) Yu,Y (2759)-Bu,X (2718) Hangzhou 2018}) 13... axb3 14. axb3 Nd7 15. Rxa8 {White is slightly better.} Qxa8 16. f4 {And now f5 would win.} Nf6 17. f5 Bd7 18. g4 {Black must now prevent g5.} Qa5 {[#]} (18... b5 $11 {keeps the balance.}) 19. Qb2 $1 $16 Qd8 20. Nd5 {aiming for g5.} g5 (20... Bh8 $14) 21. h4 h6 22. hxg5 hxg5 23. Qc1 $2 {[#]} (23. b4 $16 {stays on course.}) 23... Nxd5 $17 24. Bxg7 Nf4 25. Rxf4 $1 Kxg7 26. Rf2 f6 27. Qe3 Qa5 28. Bf1 (28. Rh2 $17) 28... Qe5 $19 29. Rh2 Bc6 30. Bd3 (30. b4 $17 {is a better defense.}) 30... Ra8 31. Rf2 (31. Bf1 $142) 31... Rh8 32. b4 Rh4 33. Rg2 Qa1+ 34. Bf1 (34. Kf2 $142) 34... Qb1 {[%mdl 64] Double Attack. Accuracy: White = 37%, Black = 69%.} 0-1

[Event "Haiwan Cup New Star 2019"]
[Site "Shanghai"]
[Date "2019.09.07"]
[Round "4.2"]
[White "Li, Di"]
[Black "Bai, Jinshi"]
[Result "1/2-1/2"]
[WhiteElo "2538"]
[BlackElo "2591"]
[Annotator "TA"]
[PlyCount "65"]
[EventDate "2019.09.04"]
[EventType "tourn"]
[EventCountry "CHN"]
[SourceTitle "playchess.com"]
[Source "ChessBase"]
[SourceQuality "1"]

{[%evp 13,65,12,26,18,14,25,14,14,9,13,10,22,10,14,22,0,20,10,14,13,11,4,35,11,27,25,25,27,27,27,27,27,35,32,35,35,35,0,35,35,35,21,22,0,0,0,0,0,0,0,29,0,29,0]} 1. Nf3 Nf6 2. c4 g6 3. Nc3 d5 4. cxd5 Nxd5 5. e4 Nxc3 6. dxc3 Qxd1+ 7. Kxd1 f6 8. h4 $146 {A16: English Opening: 1...Nf6 with ...d5} (8. Be3 e5 9. Nd2 Nd7 10. Nb3 h5 11. f3 Nb6 12. Kc2 Bd7 13. Nc5 Bc6 14. b3 Bh6 15. Bxh6 Rxh6 16. a4 Ke7 17. Bb5 {½-½ (38) So,W (2778)-Aronian,L (2764) Leuven 2018}) 8... e5 9. h5 {Strongly threatening hxg6.} g5 10. Be3 {The position is equal.} Nd7 11. Nh2 Nc5 12. f3 Be6 13. Kc2 a5 14. Be2 Be7 15. Rhd1 Kf7 16. b3 {[%cal Bb2b3,Bb3b4][%mdl 32]} Rhd8 17. Nf1 b6 18. Rxd8 Rxd8 19. Ng3 a4 {[%cal Ra4b3]} 20. b4 Nb7 $1 21. Nf5 Nd6 22. Nxd6+ Rxd6 23. Bb5 Bd7 24. Bc4+ Be6 25. Bb5 Bd7 26. Bxd7 Rxd7 $14 {[%mdl 4096] Endgame KRB-KRB} 27. b5 Ke6 28. g4 Rd8 29. Rb1 Bf8 30. Rh1 Ba3 31. Rb1 Bf8 32. Rh1 Ba3 33. Rb1 {Accuracy: White = 55%, Black = 88%.} 1/2-1/2

[Event "Haiwan Cup New Star 2019"]
[Site "Shanghai"]
[Date "2019.09.07"]
[Round "4.3"]
[White "Khanin, Semen"]
[Black "Martirosyan, Haik M."]
[Result "1/2-1/2"]
[WhiteElo "2503"]
[BlackElo "2608"]
[Annotator "TA"]
[PlyCount "74"]
[EventDate "2019.09.04"]
[EventType "tourn"]
[EventCountry "CHN"]
[SourceTitle "playchess.com"]
[Source "ChessBase"]
[SourceQuality "1"]

{[%evp 16,74,28,14,47,24,43,42,36,32,43,6,8,14,9,0,0,0,7,7,22,15,29,29,28,23,77,64,78,59,112,110,138,96,138,152,143,142,133,148,139,131,143,140,143,134,142,129,133,107,118,112,113,102,124,107,118,8,16,19,7]} 1. e4 e5 2. Nf3 Nc6 3. Bc4 Bc5 4. O-O Nf6 5. d3 O-O 6. c3 d6 7. h3 a6 8. Bb3 Ba7 9. Re1 Kh8 {C54: Giuoco Piano: 4 c3 Nf6, main lines with 5 d4 and 5 d3} (9... Re8 10. Nbd2 Be6 11. Nf1 Bxb3 12. Qxb3 Rb8 13. Ng3 Qd7 14. Nh4 Kh8 15. Nhf5 Qe6 16. Be3 Qxb3 17. axb3 {½-½ (28) Ragger,M (2701)-Aronian,L (2765) Germany 2019}) 10. Nbd2 Ng8 11. Nf1 f5 {White is slightly better.} 12. exf5 Bxf5 13. Ng3 Bg6 {[#]} 14. Be3 $146 ({Predecessor:} 14. d4 exd4 15. cxd4 Nf6 16. Be3 Qd7 17. d5 {1-0 (41) Sikula,V (2528)-Vajda,L (2582) Slovakia 2009}) 14... Bxe3 15. fxe3 Nf6 16. Nh4 Be8 17. Rf1 Bd7 18. e4 g6 19. Qd2 {Nxg6+! is the strong threat.} Qe7 20. Rf2 Ng8 (20... Ng4 $11 {keeps the balance.} 21. Nxg6+ hxg6 22. hxg4 Rxf2 23. Qxf2 Rf8) 21. Nf3 $1 $16 Rf4 22. Nf1 Qg7 (22... Nd8 $14) 23. Ne3 Nge7 24. Raf1 Raf8 25. g3 $1 {[%cal Rg3f4]} R4f6 {[#]} 26. Ng4 $1 {[%cal Rg4f6]} Bxg4 27. hxg4 {Black must now prevent g5.} g5 28. Nxg5 {aiming for Rxf6.} ({Don't play} 28. Qxg5 $6 Rg6 $11) 28... Rxf2 29. Rxf2 Rxf2 30. Kxf2 {Threatens to win with Nf7+.} Nd8 31. Kg2 Ng8 32. Ne6 Nxe6 33. Bxe6 Ne7 34. Qf2 Qh6 35. Bb3 Ng8 {[#]} 36. Bxg8 (36. g5 $1 $16 {[%cal Rg5h6]} Qxg5 37. Qf7) 36... Kxg8 $11 37. d4 Qc1 $1 {Accuracy: White = 51%, Black = 64%.} 1/2-1/2

[Event "Haiwan Cup New Star 2019"]
[Site "Shanghai"]
[Date "2019.09.07"]
[Round "4.4"]
[White "Dai, Changren"]
[Black "Liu, Yan"]
[Result "0-1"]
[WhiteElo "2512"]
[BlackElo "2524"]
[Annotator "TA"]
[PlyCount "70"]
[EventDate "2019.09.04"]
[EventType "tourn"]
[EventCountry "CHN"]
[SourceTitle "playchess.com"]
[Source "ChessBase"]
[SourceQuality "1"]

{[%evp 12,70,7,14,15,18,21,26,19,0,12,-14,-2,-1,12,16,17,-43,0,-73,-73,-85,-97,-89,-59,-186,-181,-185,-190,-299,-233,-222,-220,-218,-211,-401,-354,-510,-516,-568,-577,-560,-560,-553,-529,-563,-563,-552,-581,-569,-577,-577,-552,-808,-678,-894,-890,-2067,-636,-1143,-1140]} 1. e4 c5 2. Nf3 d6 3. d4 cxd4 4. Nxd4 Nf6 5. Nc3 a6 6. h3 e5 7. Nde2 h5 {B90: Sicilian Najdorf: Unusual White 6th moves, 6 Be3 Ng4 and 6 Be3 e5} 8. g3 Be6 9. Bg2 b5 {White has an edge.} 10. f4 Nbd7 11. f5 $146 ({Predecessor:} 11. b3 Nb6 12. Bb2 Qc7 13. Qd2 Rc8 14. a3 Be7 15. O-O-O {0-1 (38) Shirov,A (2705)-Vachier Lagrave,M (2710) Melilla 2011}) 11... Bc4 12. b3 Bxe2 13. Qxe2 Rc8 14. Bb2 (14. Bd2 $11) 14... d5 $1 $15 {...Bb4 is the strong threat.} 15. O-O ({Avoid the trap} 15. exd5 $2 Bb4 $19) (15. O-O-O $11 {remains equal.}) 15... Bc5+ $17 16. Kh1 Bd4 $36 {[%mdl 2048] Black is really pushing.} 17. Nd1 dxe4 18. Bxd4 (18. c3 $15 Bb6 19. a4) 18... exd4 $19 19. Bxe4 {[#] Threatening Bb7+.} O-O $1 {Strongly threatening ...Re8.} 20. Bg2 (20. Bd3 {is a better defense.}) 20... Re8 21. Qd2 Qc7 22. Qxd4 Qxg3 23. Qd3 $2 (23. Qf4 {was called for.} Qxf4 24. Rxf4) 23... Qg5 24. Nf2 (24. b4 $142 h4 25. Bb7) 24... Re3 {Black is clearly winning.} 25. Qd4 Rxc2 26. Rac1 Rxc1 27. Rxc1 {[#]} Rxh3+ $1 {[%mdl 512]} 28. Nxh3 Qxc1+ 29. Qg1 Qc2 30. Qf2 Qb1+ 31. Ng1 Ne5 32. Bf1 Neg4 33. Qf3 Ne4 34. Be2 Qxa2 (34... Qc1 $142 35. Kg2 Qc7) 35. Nh3 {[#]} Qxe2 $1 {[%mdl 512] Accuracy: White = 28%, Black = 90%.} 0-1

[Event "Haiwan Cup New Star 2019"]
[Site "Shanghai"]
[Date "2019.09.08"]
[Round "5.1"]
[White "Liu, Yan"]
[Black "Gukesh D"]
[Result "1/2-1/2"]
[WhiteElo "2524"]
[BlackElo "2535"]
[Annotator "ChessBase"]
[PlyCount "59"]
[EventDate "2019.09.04"]
[EventType "tourn"]
[EventCountry "CHN"]
[SourceTitle "playchess.com"]
[Source "ChessBase"]
[SourceQuality "1"]
[TimeControl "5400+30"]

1. d4 {[%emt 0:00:00]} d5 {[%emt 0:00:10]} 2. c4 {[%emt 0:00:14]} e6 {[%emt 0:00:19]} 3. Nf3 {[%emt 0:01:14]} a6 {[%emt 0:00:37]} 4. cxd5 {[%emt 0:03:26]} exd5 {[%emt 0:00:02]} 5. Nc3 {[%emt 0:00:08]} h6 {[%emt 0:01:48]} 6. Bf4 {[%emt 0:04:34]} Nf6 {[%emt 0:00:27]} 7. e3 {[%emt 0:00:39]} Bd6 {[%emt 0:00:25]} 8. Be5 {[%emt 0:01:56]} c6 {[%emt 0:02:44]} 9. Bd3 {[%emt 0:01:37]} O-O {[%emt 0:03:42]} 10. h3 {[%emt 0:09:03]} Bxe5 {[%emt 0:09:48]} 11. Nxe5 {[%emt 0:00:37]} Nbd7 {[%emt 0:03:40]} 12. f4 {[%emt 0:02:39]} c5 {[%emt 0:01:33]} 13. Qf3 {[%emt 0:04:20]} cxd4 {[%emt 0:06:22]} 14. exd4 {[%emt 0:00:11]} b5 {[%emt 0:01:54]} 15. O-O {[%emt 0:09:31]} Bb7 {[%emt 0:06:43]} 16. Kh2 {[%emt 0:08:46]} Nb6 {[%emt 0:06:26]} 17. a3 {[%emt 0:11:47]} Nc8 {[%emt 0:14:07]} 18. Ng4 {[%emt 0:10:28]} Nd6 {[%emt 0:03:38]} 19. Nxf6+ {[%emt 0:00:12]} Qxf6 {[%emt 0:00:08]} 20. Qf2 {[%emt 0:00:20]} Nc4 {[%emt 0:12:55]} 21. Bxc4 {[%emt 0:14:54]} bxc4 {[%emt 0:00:42]} 22. Rae1 {[%emt 0:00:37]} Bc6 {[%emt 0:01:52]} 23. Re5 {[%emt 0:01:51]} Qd6 {[%emt 0:01:00]} 24. Kg1 {[%emt 0:01:24]} Rfe8 {[%emt 0:09:21]} 25. Rfe1 {[%emt 0:01:52]} f6 {[%emt 0:03:48]} 26. Rxe8+ {[%emt 0:00:26]} Rxe8 {[%emt 0:00:55]} 27. Rxe8+ {[%emt 0:00:49]} Bxe8 {[%emt 0:00:02]} 28. f5 {[%emt 0:01:17]} Bf7 {[%emt 0:01:49]} 29. Kh1 {[%emt 0:01:37]} Qb6 {[%emt 0:01:59]} 30. Kg1 {[%emt 0:00:11]} 1/2-1/2